An investigation of the laws of thought on which are founded the mathematical theories of logic and probabilities
Uloženo v:
| Hlavní autor: | |
|---|---|
| Médium: | Kniha |
| Jazyk: | angličtina |
| Vydáno: |
New York, USA
Dover
1958
|
| Edice: | Dover Classics of Science and Mathematics
|
| Témata: | |
| Tagy: |
Přidat tag
Žádné tagy, Buďte první, kdo vytvoří štítek k tomuto záznamu!
|
MARC
| LEADER | 00000nam a2200000 a 4500 | ||
|---|---|---|---|
| 001 | UCZ7417 | ||
| 003 | CL-VaPUC | ||
| 005 | 20240819115753.0 | ||
| 008 | 960105e19580000US |||||||||||||||||eng|d | ||
| 999 | |c 243499 |d 243497 | ||
| 040 | |c Pontificia Universidad Católica de Valparaíso | ||
| 082 | 0 | 4 | |a 511.324 BOO 1958 |2 21 |
| 100 | 0 | |a Boole, George |9 352288 | |
| 245 | 1 | 3 | |a An investigation of the laws of thought on which are founded the mathematical theories of logic and probabilities |
| 260 | 0 | 3 | |a New York, USA |b Dover |c 1958 |
| 300 | |a 424 páginas | ||
| 490 | 0 | |a Dover Classics of Science and Mathematics | |
| 583 | |a last modification |c 20180314 14:49:16 |k Rodrigo Vera | ||
| 650 | 0 | |a Matemática |9 260235 | |
| 650 | 0 | |a Lógica matemática |9 262442 | |
| 650 | 0 | |a Probabilidades |9 260199 | |
| 942 | |c BK |2 ddc | ||
| 945 | |d 19960105 00:00:00 |a rleighto | ||
| 952 | |0 0 |1 0 |2 ddc |4 0 |6 511_324000000000000_BOO_1958 |7 0 |8 A |9 257156 |a BIBMAT |b BIBMAT |d 2019-11-19 |i 3662381 |o 511.324 BOO 1958 |p 3662381 |r 2025-01-07 |t 1 |w 2019-11-19 |y BK |k MAT | ||